[Event "Agria op"]
[Site "Eger"]
[Date "1986.??.??"]
[Round "?"]
[White "Horvath, Csaba"]
[Black "Blagojevic, Dragisa"]
[Result "1/2-1/2"]
[WhiteElo "2360"]
[BlackElo "2345"]

1.d4 Nf6 2.c4 e6 3.g3 d5 4.Bg2 Be7 5.Nf3 O-O 6.O-O dxc4 7.Qc2 a6 8.Qxc4 b5
9.Qc2 Bb7 10.Bd2 Nc6 11.e3 Nb4 12.Bxb4 Bxb4 13.a3 Be4 14.Qe2 Bd6 15.Nbd2 Bb7
16.Rfc1 Ne4 17.Nxe4 Bxe4 18.Nd2 Bxg2 19.Kxg2 Qb8 20.Nb3 e5 21.dxe5 Bxe5 22.Nc5 Rd8
23.Rc2 Qb6 24.Rac1 Rab8 25.e4 Rbc8 26.b4 Bd6 27.Nb3 Re8 28.Rc6 Qb7 29.f4 f6
30.Qd3 Kh8 31.Qd5 Qa7 32.Nd4 Bxf4 33.gxf4 Rcd8 34.Rxc7 Qxd4 35.Qxd4 Rxd4
36.Re7 Red8 37.Rcc7 Rd2+ 38.Kf3 h5 39.e5 f5 40.Kg3 R8d3+ 41.Kh4 Rg2 42.h3 Rf3
43.Re8+ Kh7 44.Re6 Kh8 45.Re8+ Kh7 46.Re6  1/2-1/2

[Event "Agria op"]
[Site "Eger"]
[Date "1986.??.??"]
[Round "?"]
[White "Peric, A."]
[Black "Boensch, Uwe"]
[Result "0-1"]
[WhiteElo "2265"]
[BlackElo "2535"]

1.d4 Nf6 2.Nf3 d5 3.c4 e6 4.g3 Be7 5.Bg2 O-O 6.O-O dxc4 7.Qc2 a6 8.a4 Bd7
9.Ne5 Bc6 10.Nxc6 Nxc6 11.e3 Na5 12.Nd2 c5 13.dxc5 Rc8 14.b4 cxb3 15.Nxb3 Nd5
16.Ba3 Qc7 17.Rab1 Nc6 18.Rfd1 Rfd8 19.e4 Nf6 20.Rxd8+ Rxd8 21.Rd1 e5 22.Rxd8+ Nxd8
23.Qc4 h5 24.Bh3 g6 25.f3 Nc6 26.Bb4 Nxb4 27.Qxb4 Nd7 28.Bxd7 Qxd7 29.Kf2 h4
30.Ke2 Kg7 31.g4 h3 32.Na5 b6 33.Qxb6 Qxa4 34.Nb7 Qc4+ 35.Kd1 Bg5 36.c6 Qd3+  0-1

[Event "FRA-chB"]
[Site "Epinal"]
[Date "1986.??.??"]
[Round "10"]
[White "Kappler, Jean Marie"]
[Black "Abravanel, Chely"]
[Result "1/2-1/2"]
[WhiteElo "2240"]
[BlackElo "2270"]

1.d4 d5 2.c4 e6 3.Nf3 Be7 4.g3 Nf6 5.Bg2 O-O 6.O-O b6 7.Ne5 Bb7 8.Nc3 c6
9.e4 dxc4 10.Nxc4 Ba6 11.b3 b5 12.Ne3 b4 13.Ne2 Bxe2 14.Qxe2 Qxd4 15.Bb2 Qb6
16.Nc4 Qc5 17.Bxf6 Bxf6 18.e5 Be7 19.Rad1 a5 20.Rd2 a4  1/2-1/2

[Event "FRA-SWZ"]
[Site "?"]
[Date "1986.??.??"]
[Round "?"]
[White "Adrian, Claude"]
[Black "Huss, Andreas"]
[Result "1-0"]
[WhiteElo "2320"]
[BlackElo "2325"]

1.Nf3 Nf6 2.c4 e6 3.g3 d5 4.d4 Be7 5.Bg2 O-O 6.O-O c6 7.Qd3 b6 8.Nc3 Ba6
9.b3 Nbd7 10.e4 Rc8 11.Rd1 h6 12.Bb2 Qc7 13.Rac1 Rfd8 14.h4 Qb8 15.Bh3 Nc5
16.dxc5 dxe4 17.Qe3 exf3 18.cxb6 axb6 19.Qxf3 Bb7 20.Bg2 Ba8 21.a3 Qc7 22.Rxd8+ Qxd8
23.Rd1 Qf8 24.a4 c5 25.Qf4 Bxg2 26.Kxg2 Rd8 27.Qc7 Rxd1 28.Nxd1 Qa8+ 29.f3 Qd8
30.Qxd8+ Bxd8 31.Be5 Ne8 32.Nf2 Kf8 33.Nd3 Ke7 34.a5 bxa5 35.Nxc5 f6 36.Bc3 Nd6
37.h5 Bb6 38.Nd3 Bc7 39.Kf2 Nb7 40.g4 Bb6+ 41.Ke2 Kd6 42.g5 e5 43.gxh6 gxh6
44.Bd2 f5 45.Bxh6 Ke6 46.Bg7 e4 47.Ne5 exf3+ 48.Kxf3 Nd6 49.h6 Nf7 50.Nxf7 Kxf7
51.Be5 Kg6 52.Bf4 Bd4 53.Be3 Be5 54.c5 Kf7 55.Bd2 Bd4 56.c6 Bb6 57.Bf4  1-0

[Event "Troll Masters"]
[Site "Gausdal"]
[Date "1986.??.??"]
[Round "?"]
[White "Bjerke, Richard"]
[Black "Elseth, Roar"]
[Result "1/2-1/2"]
[WhiteElo "2265"]
[BlackElo "2295"]

1.Nf3 e6 2.c4 Nf6 3.g3 d5 4.d4 Be7 5.Bg2 O-O 6.O-O Nbd7 7.Qc2 c6 8.Rd1 Ne4
9.Nc3 f5 10.b3 Qe8 11.Ne1 Bf6 12.Bb2 g5 13.e3 Qg6 14.Rac1 Qg7 15.Nd3 Re8
16.Ne2 Nd6 17.a4 a5 18.Qb1 Nf7 19.Rc2 Nf8 20.Rcd2 Ng6 21.Qc1 Be7 22.f3 g4
23.f4 Nd6 24.Nf2 h5 25.Rc2 Bf6 26.Nd3 Ne4 27.Ne5 Ne7 28.Ba3 Rd8 29.Bxe4 fxe4
30.Bxe7 Qxe7 31.c5 Bd7 32.Kg2 Kg7 33.Rh1 Rh8 34.h3 gxh3+ 35.Rxh3 Be8 36.Qh1 Bf7
37.Kf2 Rag8  1/2-1/2

[Event "Wch U20"]
[Site "Gausdal"]
[Date "1986.??.??"]
[Round "12"]
[White "Rojas Sepulveda, Eduardo"]
[Black "Gil Capape, Javier"]
[Result "1/2-1/2"]
[WhiteElo "2350"]
[BlackElo "2300"]

1.d4 Nf6 2.c4 e6 3.g3 d5 4.Bg2 Be7 5.Nf3 O-O 6.O-O c6 7.Qc2 Nbd7 8.b3 b5
9.cxd5 cxd5 10.Qc6 Qb6 11.Qxb6 Nxb6 12.Bb2 Bb7 13.Nbd2 Rfc8 14.Rfc1 a5  1/2-1/2

[Event "Bundesliga 8586"]
[Site "Germany"]
[Date "1986.??.??"]
[Round "?"]
[White "Schulz, Klaus Juergen"]
[Black "Nikolac, Juraj"]
[Result "0-1"]
[WhiteElo "2370"]
[BlackElo "2440"]

1.c4 e6 2.g3 d5 3.Bg2 Nf6 4.Nf3 Be7 5.d4 O-O 6.Qc2 Nbd7 7.O-O c6 8.Nbd2 b6
9.b3 Bb7 10.Bb2 Rc8 11.Rad1 Qc7 12.e4 Nxe4 13.Nxe4 dxe4 14.Qxe4 c5 15.Qe2 Bf6
16.dxc5 bxc5 17.Bc1 Bxf3 18.Bxf3 Bd4 19.b4 e5 20.b5 f5 21.Bc6 Nf6 22.a4 Rcd8
23.Kh1 Kh8 24.Rd3 Ng4 25.Kg2 Qf7 26.Bd5 Qg6 27.f3 Nf6 28.Bc6 Nh5 29.a5 Rd6
30.a6 h6 31.Rb3 Rb8 32.Qc2 Nf6 33.Bd2 Ng8 34.Ba5 Qf7 35.Bb7 Nf6 36.b6 Rxb7
37.axb7 Qxb7 38.Qxf5 axb6 39.Qc2 Qa6 40.Bd2 Qa4 41.Rfb1 Re6 42.R3b2 Qa7 43.Ra2 Qb7
44.Qf5 Qc6 45.Rf1 Re7 46.Bc1 e4 47.fxe4 Rxe4 48.Qf3 Qe6 49.Ra8+ Kh7 50.Qf5+ Qxf5
51.Rxf5 Re2+ 52.Kf1 Rxh2 53.Bf4 Kg6 54.Rd5 Nxd5 55.cxd5 Rh5 56.d6 Rd5 57.Kg2 Bf6
58.Rb8 Kf5 59.Kf3 h5 60.Rxb6 g5 61.Be3 c4 62.Rc6 c3 63.d7 g4+ 64.Ke2 Rxd7
65.Rc5+ Kg6 66.Bf4 Rd4 67.Ke3 Ra4 68.Rc6 Ra1 69.Rc5 Rh1 70.Ke4 h4 71.gxh4 Rxh4
72.Bc7 Rh5 73.Rc6 Rf5 74.Bf4 Ra5 75.Rc4 Ra1 76.Bg3 Rf1 77.Rc6 Rf3 78.Bf4 Rf2
79.Bg3 Rf1 80.Rc8 Rd1 81.Rc6 Rf1 82.Rc8 Rb1 83.Rc4 Rb5 84.Rc6 Rb4+ 85.Ke3 Kf7
86.Be1 Be5 87.Bxc3 Rb3 88.Ke4 Bxc3 89.Kf4 Rb4+ 90.Kg3 Be5+  0-1

[Event "Bundesliga 8586"]
[Site "Germany"]
[Date "1986.??.??"]
[Round "?"]
[White "Schulz, Klaus Juergen"]
[Black "Grzesik, Frank"]
[Result "1-0"]
[WhiteElo "2370"]
[BlackElo "2285"]

1.c4 e6 2.Nf3 d5 3.g3 Nf6 4.Bg2 Be7 5.d4 O-O 6.Qc2 b6 7.O-O Bb7 8.cxd5 exd5
9.Bf4 c5 10.Nc3 c4 11.Ne5 Nc6 12.Rad1 a6 13.Bg5 Na5 14.Bxf6 Bxf6 15.Ng4 Qd6
16.Ne3 g6 17.Nexd5 Bg7 18.e4 b5 19.e5 Qd8 20.Ne3 Bxg2 21.Kxg2 Nc6 22.f4 Qb6
23.Ncd5 Qa7 24.Qe4 Rfe8 25.Ng4 Kh8 26.f5 Rac8 27.Ngf6 Red8 28.Qh4 h6 29.fxg6 fxg6
30.Qg4 g5 31.Qe4 Bf8 32.e6 Qg7 33.g4 Ne7 34.Nh5 Qg6 35.Qe5+ Bg7 36.Nxe7 Qxh5
37.Qxg7+ Kxg7 38.gxh5  1-0

[Event "Bundesliga 8586"]
[Site "Germany"]
[Date "1986.??.??"]
[Round "?"]
[White "Tischer, Guenter"]
[Black "Konieczka, Frank"]
[Result "1/2-1/2"]
[WhiteElo "2335"]
[BlackElo "2240"]

1.d4 d5 2.c4 e6 3.Nf3 Nf6 4.g3 Be7 5.Bg2 O-O 6.O-O dxc4 7.Ne5 Nc6 8.Nxc6 bxc6
9.e3 Rb8 10.Qc2 c5 11.Rd1 cxd4  1/2-1/2

[Event "Bundesliga 8586"]
[Site "Germany"]
[Date "1986.??.??"]
[Round "?"]
[White "Pfleger, Helmut"]
[Black "Neunhoeffer, Helmut"]
[Result "1/2-1/2"]
[WhiteElo "2490"]
[BlackElo "2235"]

1.d4 Nf6 2.c4 e6 3.Nf3 d5 4.g3 Be7 5.Bg2 O-O 6.Qc2 c6 7.O-O Nbd7 8.Nbd2 b6
9.e4 Ba6 10.e5 Ne8 11.Re1 Rc8 12.cxd5 cxd5 13.Qb3 g6 14.Nf1 Ng7 15.Ne3 Qc7
16.Bd2 Bc4 17.Nxc4 dxc4 18.Qe3 b5 19.g4 f6 20.exf6 Nxf6 21.Ne5 Bd6 22.h3 Nd7
23.Ba5 Qxa5 24.Nxd7 Rf7 25.Ne5 Bxe5 26.Qxe5 Qb6 27.Re2 Kh8 28.a4 b4 29.a5 Qc7
30.Rc1 Qxe5 31.Rxe5 c3 32.bxc3 Rfc7 33.c4 Rxc4 34.Rxc4 Rxc4 35.Rc5 Rxc5 36.dxc5 b3
37.Be4 e5 38.Kf1 Ne6 39.c6 Kg7 40.Ke2 Kf6 41.Kd2 Ke7 42.Kc3 Kd6 43.h4 Nc5
44.Bg2 h6 45.g5 hxg5 46.hxg5 e4 47.Bf1 Kxc6 48.Bc4 Kd6 49.Bf7 Nd3 50.Bxg6 b2
51.Kc2 Nxf2  1/2-1/2

[Event "Bundesliga 8586"]
[Site "Germany"]
[Date "1986.??.??"]
[Round "?"]
[White "Bischoff, Klaus"]
[Black "Lobron, Eric"]
[Result "1-0"]
[WhiteElo "2475"]
[BlackElo "2485"]

1.Nf3 Nf6 2.c4 e6 3.g3 d5 4.Bg2 Be7 5.d4 O-O 6.Nbd2 c5 7.cxd5 exd5 8.dxc5 Bxc5
9.O-O Nc6 10.Nb3 Bb6 11.Nbd4 Re8 12.b3 Ne4 13.Bb2 Qf6 14.Rc1 Qh6 15.a3 Bg4
16.Rc2 Rac8 17.Qc1 Nxd4 18.Nxd4 Rxc2 19.Qxc2 Ng5 20.Qd3 Nh3+ 21.Kh1 Qf6 22.f3 Bd7
23.f4 Bg4 24.Bf3 h5 25.Kg2 Qe7 26.Nf5 Qd7 27.Nxg7 Re3 28.Qc2 Nxf4+ 29.gxf4 Bh3+
30.Kh1 Bxf1 31.Nxh5 Qh3 32.f5 Re8 33.Nf6+ Kf8 34.Nxe8 Kxe8 35.Qc8+ Ke7 36.f6+  1-0

[Event "Havana-B"]
[Site "Havana"]
[Date "1986.??.??"]
[Round "?"]
[White "Vilela, Jose Luis"]
[Black "Sieiro Gonzalez, Luis"]
[Result "1/2-1/2"]
[WhiteElo "2410"]
[BlackElo "2365"]

1.Nf3 Nf6 2.c4 e6 3.g3 d5 4.Bg2 Be7 5.d4 O-O 6.Qc2 dxc4 7.Qxc4 a6 8.Bf4 Bd6
9.Ne5 Nd5 10.Nc3 Nxf4 11.gxf4 Nd7 12.e3 Nf6 13.O-O Qe7 14.Rac1 c6 15.Qb3 Rb8
16.Na4 Bd7 17.Nc5 Be8 18.Ncd3 Nd7 19.Rfd1 Kh8 20.Nc4 Bc7 21.Qa3 Qd8 22.Nc5 Rg8
23.Qc3 Nf6 24.Qc2 Nd5 25.Ne5 Qe7 26.Kh1 f6 27.Ned3  1/2-1/2

[Event "URS-FL"]
[Site "Irkutsk"]
[Date "1986.??.??"]
[Round "?"]
[White "Bareev, Evgeny"]
[Black "Aseev, Konstantin N"]
[Result "1/2-1/2"]
[WhiteElo "2470"]
[BlackElo "2440"]

1.d4 Nf6 2.c4 e6 3.g3 d5 4.Bg2 Be7 5.Nf3 O-O 6.O-O dxc4 7.Qc2 a6 8.Qxc4 b5
9.Qc2 Bb7 10.Bd2 Be4 11.Qc1 Bb7 12.Rd1 Qc8 13.a4 c5 14.dxc5 Bxc5 15.axb5 axb5
16.Rxa8 Bxa8 17.Be3 Be7 18.Qxc8 Rxc8 19.Nd4 Bxg2 20.Kxg2 b4 21.Rc1 Rxc1 22.Bxc1 Nfd7
23.Nd2 Bf6 24.N2b3 Na6 25.Kf1 Nac5 26.Ke1 e5 27.Nxc5 Nxc5 28.Nc2 b3 29.Ne3 e4
30.Nd5 Be5 31.Nb6 f5 32.Be3 Ne6 33.Nc4 Bf6 34.Kd1 Kf7 35.Kc1 Nd4 36.Bxd4 Bxd4
37.e3 Bc5 38.Nd2 Bb4 39.Kd1 Ke6 40.Nxb3 Kd5 41.Ke2 Bd6 42.f3 exf3+ 43.Kxf3 g5
44.Nd4 g4+ 45.Ke2 Ke4 46.Nb5 Be7 47.Nc3+ Ke5 48.Kd3 h5 49.Kc4 Bg5 50.Nd5 h4
51.b4 hxg3 52.hxg3 Ke4 53.b5  1/2-1/2

[Event "URS-FL"]
[Site "Irkutsk"]
[Date "1986.??.??"]
[Round "?"]
[White "Ivanchuk, Vassily"]
[Black "Timoshchenko, Gennadi A"]
[Result "1/2-1/2"]
[WhiteElo "2475"]
[BlackElo "2475"]

1.d4 d5 2.c4 e6 3.Nf3 Nf6 4.g3 Be7 5.Bg2 O-O 6.Nc3 dxc4 7.Ne5 Nc6 8.Bxc6 bxc6
9.Nxc6 Qe8 10.Nxe7+ Qxe7 11.Qa4 c5 12.Qxc4 cxd4 13.Qxd4 e5 14.Qh4 Rb8 15.Bg5 Rxb2
16.O-O Qe6 17.Bxf6  1/2-1/2

[Event "UKR-ch"]
[Site "Kiev"]
[Date "1986.??.??"]
[Round "9"]
[White "Neverov, Valeriy"]
[Black "Moroz, Alexander"]
[Result "0-1"]
[WhiteElo "2465"]
[BlackElo "2200"]

1.d4 d5 2.c4 e6 3.Nf3 Nf6 4.g3 Be7 5.Bg2 O-O 6.O-O dxc4 7.Qc2 a6 8.a4 Nc6
9.Qxc4 Qd5 10.Nbd2 Rd8 11.e3 Qxc4 12.Nxc4 Bd7 13.Nfe5 Nd5 14.Nxc6 Bxc6 15.Na5 Rab8
16.Nxc6 bxc6 17.a5 c5 18.e4 Nb4 19.Bf4 Rxd4 20.Bxc7 Rc8 21.Be5 Rdd8 22.Bc3 Nc2
23.Ra4 Nd4 24.Re1 e5 25.Bh3 Rc6 26.Bg4 g6 27.Rc4 h5 28.Bd1 Rcc8 29.Kf1 h4
30.Bg4 Rb8 31.Rd1 Kg7 32.Kg2 Rb5 33.Ra4 Rb7 34.Rc4 Rh8 35.f4 f6 36.Rd2 Rbb8
37.fxe5 fxe5 38.gxh4 Rxh4 39.h3 Rhh8 40.Rf2 Rhf8 41.Rxf8 Rxf8 42.Kg3 Rf4
43.Bxd4 cxd4 44.Bf3 Bh4+ 45.Kg2 Rf8 46.Rc6 Rb8 47.Rb6 Rc8 48.Be2 Rc2 49.Kf3 Rd2
50.Rd6 Rxb2 51.Rxa6 Rb3+ 52.Kg4 Bf2 53.Bf3 Rb1 54.Be2 Rb3 55.Bf3 d3 56.Bd1 Rb1
57.Ba4 Bd4 58.Kf3 Rf1+ 59.Kg2 Ra1 60.Bb3 d2  0-1

[Event "UKR-ch"]
[Site "Kiev"]
[Date "1986.??.??"]
[Round "15"]
[White "Huzman, Alexander"]
[Black "Kruppa, Yuri"]
[Result "1/2-1/2"]
[WhiteElo "2390"]
[BlackElo "2445"]

1.d4 Nf6 2.Nf3 d5 3.c4 e6 4.g3 Be7 5.Bg2 O-O 6.O-O dxc4 7.Qc2 a6 8.Qxc4 b5
9.Qc2 Bb7 10.Bg5 Nbd7 11.Bxf6 Nxf6 12.Nbd2 Rc8 13.Nb3 Be4 14.Qc3 Nd5 15.Qc1 c5
16.dxc5 h6 17.Rd1 Qc7 18.Rd4 Nf6  1/2-1/2

[Event "BKL-Turnier"]
[Site "Leipzig"]
[Date "1986.??.??"]
[Round "2"]
[White "Danailov, Silvio"]
[Black "Boensch, Uwe"]
[Result "1-0"]
[WhiteElo "2425"]
[BlackElo "2475"]

1.d4 d5 2.c4 e6 3.Nf3 Nf6 4.g3 Be7 5.Bg2 O-O 6.O-O dxc4 7.Ne5 Nc6 8.Nxc6 bxc6
9.Na3 Bxa3 10.bxa3 Nd5 11.Qa4 c3 12.Qxc6 Rb8 13.e4 Bd7 14.Qc5 Rb5 15.Qc4 Nb6
16.Qxc3 c5 17.dxc5 Na4 18.Qd4 e5 19.Qxa4 Rb1 20.c6 Bxc6 21.Qxc6 Rxa1 22.Qc3 Qd4
23.Qxd4 exd4 24.Bb2 Rxf1+ 25.Bxf1 Rd8 26.Bd3 Rb8 27.Bc1 Rc8 28.Bd2 Rb8 29.Bb4 Rc8
30.Kf1 g5 31.h3 Rc1+ 32.Ke2 Ra1 33.Bc4 Rc1 34.Bb3 h6 35.h4 gxh4 36.gxh4 Rh1
37.Be7 Rh3 38.Bf6 d3+ 39.Kd2 Rf3 40.Bd4 a5 41.Be3 Rh3 42.Bxh6 Rxh4 43.Be3 Rxe4
44.Kxd3 Rh4 45.a4 Kf8 46.Bb6 Rh5 47.Ke4 Ke7 48.Bd1 Rh1 49.Be2 Rb1 50.Bxa5 Rb2
51.Ke3 Rxa2 52.Bb4+ Kd8 53.a5 f5 54.a6 Kc7 55.f4 Kc6 56.Bd3 Kd5 57.Bc3 Ra3
58.Bd4 Ra4 59.Be5 Ra3 60.Bb8 Rb3 61.a7 Ra3 62.Kd2 Kd4 63.Bxf5 Ra2+ 64.Bc2  1-0

[Event "URS-ch otbor"]
[Site "Minsk"]
[Date "1986.??.??"]
[Round "?"]
[White "Sveshnikov, Evgeny"]
[Black "Ivanchuk, Vassily"]
[Result "0-1"]
[WhiteElo "2560"]
[BlackElo "2475"]

1.Nf3 Nf6 2.g3 d5 3.Bg2 e6 4.d4 Be7 5.c4 O-O 6.O-O dxc4 7.Qc2 a6 8.a4 Bd7
9.Qxc4 Bc6 10.Nc3 b5 11.Qd3 b4 12.Nb1 Be4 13.Qd1 c5 14.Bf4 Nbd7 15.Nbd2 Bd5
16.Re1 Rc8 17.e4 Bb7 18.Bg5 cxd4 19.e5 Nd5 20.Bxe7 Nxe7 21.Ne4 Bxe4 22.Rxe4 Nc6
23.Nxd4 Ncxe5 24.Nb3 Rc4 25.Rxc4 Nxc4 26.Qe2 Nde5 27.Rd1 Qb6 28.Rd4 Na5 29.Qxe5 Nxb3
30.Rg4 g6 31.Qf4 Rd8 32.Be4 f5 33.Rg5 Rd4 34.Qe5 Rxe4 35.Qf6 Nd4 36.Qe7 Nf3+
37.Kg2 Nxg5 38.Qxg5  0-1

[Event "URS-ch otbor"]
[Site "Minsk"]
[Date "1986.??.??"]
[Round "?"]
[White "Grigorian, Karen Ashotovich"]
[Black "Vyzmanavin, Alexey"]
[Result "0-1"]
[WhiteElo "2410"]
[BlackElo "2485"]

1.Nf3 Nf6 2.g3 d5 3.Bg2 e6 4.d4 Be7 5.c4 O-O 6.Qc2 c5 7.cxd5 cxd4 8.Nxd4 Nxd5
9.Qb3 Nc6 10.Nxc6 bxc6 11.e4 Nb4 12.O-O c5 13.Na3 Nc6 14.Be3 Rb8 15.Qc3 Nd4
16.Kh1 Ba6 17.Rfd1 e5 18.b3 Qc8 19.Qa5 Rb4 20.Bxd4 exd4 21.Rac1 Qe6 22.Rxc5 Bxc5
23.Qxc5 Rbb8 24.Qxd4 Qb6 25.Qxb6 axb6 26.Nc4 Bxc4 27.bxc4 Rfd8 28.Bf3 Rxd1+
29.Bxd1 Rd8 30.Bb3 Rd4 31.e5 Re4 32.f4 Re2 33.Kg1 Kf8 34.h3 Ke7 35.Kf1 Rd2
36.f5 h6 37.e6 fxe6 38.fxe6 Kd6 39.h4 Rb2 40.Kg1 Re2 41.Kf1 Re4 42.Kf2 Kc5
43.Kf3 Rxe6 44.h5 Kd4 45.g4 Rf6+ 46.Kg3 Ke3 47.Ba4 Rf3+ 48.Kh4  0-1

[Event "Moscow-B"]
[Site "Moscow"]
[Date "1986.??.??"]
[Round "?"]
[White "Azmaiparashvili, Zurab"]
[Black "Zaitsev, Igor A"]
[Result "1-0"]
[WhiteElo "2465"]
[BlackElo "2400"]

1.d4 d5 2.c4 e6 3.Nf3 Nf6 4.g3 Be7 5.Bg2 O-O 6.O-O dxc4 7.Qc2 a6 8.Qxc4 b5
9.Qc2 Bb7 10.Bd2 Be4 11.Qc1 Ra7 12.Rd1 Nbd7 13.Ba5 Qa8 14.Nc3 Bb7 15.a4 b4
16.Na2 c5 17.b3 Rc8 18.Qb2 cxd4 19.Qxd4 Rc2 20.Qd3 Be4 21.Nd4 Rxa2 22.Bxe4 Nxe4
23.Rxa2 Ne5 24.Qe3 Ng4 25.Qf3 Ngxf2 26.Rc1 g5 27.Nc6 g4 28.Qe3 Rd7 29.Qb6 Nh3+
30.Kf1 Bc5 31.Qb8+ Qxb8 32.Nxb8 Rd5 33.e3 Nc3 34.Nxa6 Bf8 35.Rxc3 bxc3 36.Bxc3 Rd3
37.Rc2 Rxe3 38.b4 Ng5 39.Bd2 Rf3+ 40.Ke2 Ne4 41.Be3 f5 42.Nc5 Nxg3+ 43.hxg3  1-0

[Event "Moscow-B"]
[Site "Moscow"]
[Date "1986.??.??"]
[Round "?"]
[White "Kengis, Edvins"]
[Black "Zaitsev, Igor A"]
[Result "1/2-1/2"]
[WhiteElo "2475"]
[BlackElo "2400"]

1.Nf3 Nf6 2.c4 e6 3.g3 d5 4.d4 Be7 5.Bg2 O-O 6.Qc2 c5 7.cxd5 Nxd5 8.O-O cxd4
9.Nxd4 Nc6 10.Nxc6 bxc6 11.Nc3 Rb8 12.Bd2 Ba6 13.Rfd1 Qc8 14.Bf3 Rd8 15.Rab1 Qb7
16.Na4 Qb5 17.b3 c5 18.Nc3 Nxc3 19.Bxc3 Bb7 20.Be5 Rbc8 21.Qc4 Rxd1+ 22.Rxd1 Qxc4
23.bxc4 Bxf3 24.exf3 Bf6 25.Bxf6 gxf6 26.Rb1 Rc6  1/2-1/2

[Event "NRW-ch"]
[Site "Neuss"]
[Date "1986.??.??"]
[Round "1"]
[White "Schischke, Reinhard"]
[Black "Pieper Emden, Carsten"]
[Result "1/2-1/2"]
[WhiteElo "2300"]
[BlackElo "2335"]

1.d4 Nf6 2.c4 e6 3.g3 d5 4.Bg2 Be7 5.Nf3 O-O 6.O-O dxc4 7.Qc2 c6 8.Qxc4 b5
9.Qc2 Bb7 10.Bg5 Nbd7 11.Bxf6 gxf6 12.Rd1 c5  1/2-1/2

[Event "New York op"]
[Site "New York"]
[Date "1986.??.??"]
[Round "?"]
[White "Benjamin, Joel"]
[Black "Zuckerman, Bernard"]
[Result "1-0"]
[WhiteElo "2555"]
[BlackElo "2490"]

1.d4 Nf6 2.Nf3 e6 3.c4 d5 4.g3 Be7 5.Bg2 O-O 6.O-O dxc4 7.Qa4 a6 8.Qxc4 b5
9.Qc2 Bb7 10.Bd2 Be4 11.Qc1 Nbd7 12.Ba5 Rc8 13.a4 b4 14.Qe1 Rb8 15.Nbd2 Ba8
16.e3 Qc8 17.Qe2 c5 18.Rfc1 Qb7 19.Ne1 Qa7 20.Bxa8 Qxa8 21.dxc5 Nxc5 22.Rc4 Nce4
23.Nxe4 Nxe4 24.Rd1 Nf6 25.Qf3 Nd5 26.e4 Nb6 27.Rc7 Bf6 28.Bxb4 Rfc8 29.Rxc8+ Rxc8
30.b3 Qa7 31.Qd3 a5 32.Bc3 Be7 33.Nf3 h6 34.Nd4 Bc5 35.Nb5 Qa8 36.Be5 Qb7
37.Bc3 Qa8 38.Qe2 Qa6 39.Qe1 Qb7 40.Bxa5 Nd7 41.Bc3 Nf6 42.Bxf6 gxf6 43.Qe2 Kh7
44.Qd3 Qb6 45.Qf3 Kg7 46.Kg2 Rd8 47.Qg4+ Kh7 48.Rxd8 Qxd8 49.Qf4 Qd3 50.Qxf6 Qxe4+
51.Qf3 Qg6 52.a5  1-0

[Event "Oakham YM"]
[Site "Oakham"]
[Date "1986.??.??"]
[Round "4"]
[White "Shovel, Kenneth"]
[Black "Blatny, Pavel"]
[Result "1-0"]
[WhiteElo "2225"]
[BlackElo "2415"]

1.d4 Nf6 2.Nf3 e6 3.g3 d5 4.Bg2 Be7 5.c4 O-O 6.Qc2 dxc4 7.Qxc4 a6 8.Qc2 b5
9.Ne5 Nd5 10.O-O Bb7 11.a3 b4 12.Rd1 a5 13.e4 Nf6 14.axb4 axb4 15.Rxa8 Bxa8
16.Bf4 Qc8 17.Nd2 c5 18.Rc1 Nbd7 19.Nb3 Nxe5 20.Bxe5 Nd7 21.Bf4 e5 22.dxe5 Qc6
23.Nd4 cxd4 24.Qxc6 Bxc6 25.Rxc6 Nc5 26.Bg5 Bxg5 27.Rxc5 Bd2 28.b3 Bc3 29.Bf1 Re8
30.Rd5 g5 31.Bd3 Kg7 32.Kg2 Re6 33.f3 Re7 34.f4 gxf4 35.gxf4 Ra7 36.Bc4 Bd2
37.Kg3 Be3 38.Kg4 Rc7 39.Kf5 Rb7 40.h4 Rc7 41.h5 h6 42.Rd6 Re7 43.Rd8 Bf2
44.e6 fxe6+ 45.Bxe6 Be3 46.Rd7 Rxd7 47.Bxd7 d3 48.Bb5 d2 49.Be2 Kf7 50.e5 Bg1
51.Ke4 Bh2 52.f5 Bg3 53.f6 Ke6 54.Bg4+ Kf7 55.Kf5 Kf8 56.Be2 Bh2 57.e6  1-0

[Event "Oakham YM"]
[Site "Oakham"]
[Date "1986.??.??"]
[Round "6"]
[White "Nikolic, Nebojsa"]
[Black "Blatny, Pavel"]
[Result "1/2-1/2"]
[WhiteElo "2350"]
[BlackElo "2415"]

1.d4 Nf6 2.Nf3 e6 3.g3 d5 4.Bg2 Be7 5.c4 dxc4 6.O-O O-O 7.Qc2 a6 8.a4 c5
9.dxc5 Bxc5 10.Nbd2 Nc6 11.Nxc4 Qe7 12.Nce5 Nxe5 13.Nxe5 Nd5 14.Bd2 Qc7 15.Nc4 Bd7
16.Rac1 Rac8 17.Qb3 b5 18.axb5 Bxb5 19.Ne3 Qa7 20.Nxd5 exd5 21.Rxc5 Qxc5
22.Bb4 Qc2 23.Qxc2 Rxc2 24.Bxf8 Kxf8 25.Bxd5 Rxb2 26.Rc1 Rd2 27.e4 Be2 28.Bc4 Bxc4
29.Rxc4 Rd8 30.Kf1 Ke7 31.Ke2 Kd6 32.Kd3 Rd7 33.Kd4 a5 34.e5+ Ke6+ 35.Ke4 Ra7
36.Ra4 g6 37.f4 h5 38.h3 f6 39.exf6 Kxf6 40.g4 hxg4 41.hxg4 Ra8 42.f5 Re8+
43.Kf3 Re5 44.fxg6 Kxg6 45.Re4  1/2-1/2

[Event "Oakham YM"]
[Site "Oakham"]
[Date "1986.??.??"]
[Round "7"]
[White "Shovel, Kenneth"]
[Black "Waddingham, Graham A"]
[Result "1/2-1/2"]
[WhiteElo "2225"]
[BlackElo "2305"]

1.d4 d5 2.c4 e6 3.Nf3 Nf6 4.g3 Be7 5.Bg2 O-O 6.Qc2 b6 7.O-O Bb7 8.cxd5 exd5
9.Nc3 c5 10.Rd1 Nc6 11.Bg5 Nb4 12.Qb1 h6 13.Bxf6 Bxf6 14.dxc5 bxc5 15.a3 Na6
16.Ne1 Rb8 17.Nxd5 Bxd5 18.Bxd5 Qe7 19.Rd2 Rfd8 20.e4 Nc7 21.Qa2 Nxd5 22.exd5 Qe4
23.Rad1 a5 24.b3 Bd4 25.Nc2 Qxd5 26.Nxd4 cxd4 27.Rxd4 Qxd4 28.Rxd4 Rxd4 29.b4 axb4
30.axb4 Rdxb4 31.Qd5 R4b5 32.Qe4 Rb4 33.Qe5 R4b5 34.Qe4 R5b6 35.Qe5 Rc8 36.Kg2 Re6
37.Qd5 Rb8 38.Qd4 Re2 39.Kf1 Ra2 40.Qe5 Rc8 41.Qe3 h5 42.h3 g6 43.g4 hxg4
44.hxg4 Rb2 45.Kg2 Rcc2 46.g5 Rc8 47.Kg3 Rb5 48.Kg4 Rcb8 49.f4 Rb3 50.Qe5 Rd8
51.Qe1 Rdd3 52.Qe8+ Kg7 53.Qe5+ Kg8 54.Qe8+ Kg7 55.Qe5+ Kh7 56.Qe1 Re3 57.Qg1 Kg7
58.Qa1+ Rbc3 59.Qg1 Red3 60.Qe1 Ra3 61.Qe5+ Kg8 62.Qe8+ Kg7 63.Qe5+ Kh7 64.Qe1 Rd7
65.Qh1+ Kg8 66.Qc1 Rda7 67.Qc8+ Kh7 68.Qc5 R3a5 69.Qf8 Rf5 70.Qb4 Ra1 71.Qd4 Re1
72.Kg3  1/2-1/2

[Event "Oakham YM"]
[Site "Oakham"]
[Date "1986.??.??"]
[Round "9"]
[White "Shovel, Kenneth"]
[Black "Rojas Sepulveda, Eduardo"]
[Result "1/2-1/2"]
[WhiteElo "2225"]
[BlackElo "2330"]

1.d4 Nf6 2.c4 e6 3.g3 Be7 4.Bg2 d5 5.Nf3 O-O 6.Qc2 dxc4 7.Qxc4 a6 8.Qc2 b5
9.Ne5 Nd5 10.O-O Bb7 11.a3 b4 12.Rd1 a5 13.e4 Nf6 14.axb4 axb4 15.Rxa8 Bxa8
16.Bf4 Qc8 17.Nd2 Qb7 18.f3 Rd8 19.Nb3 Qb6 20.Rc1 Rc8 21.Bf1 c6 22.Nc4 Qd8
23.Ra1 Nbd7 24.Nd6 Rb8 25.Ra7 g5 26.Nxf7 Kxf7 27.Bc7 Qc8 28.e5 Rb7 29.Rxb7 Qxb7
30.exf6 Kxf6 31.Be5+ Nxe5 32.dxe5+ Kxe5 33.Qe4+ Kf6 34.Bc4 Qd7 35.h4 h6 36.h5 Bf8
37.Kh2 Qe8 38.Qd4+ e5 39.Qg4 Bb7 40.Kg2 Bc8 41.Qe4 Bf5 42.Qe2 Qd7 43.g4 Bh7
44.Nd2 Qd4 45.Ne4+ Kg7 46.b3 Be7 47.Qd2 Bd8 48.Kf1  1/2-1/2

[Event "POL-chT"]
[Site "Porabka"]
[Date "1986.??.??"]
[Round "?"]
[White "Sygulski, Artur"]
[Black "Gizynski, Tomasz"]
[Result "1/2-1/2"]
[WhiteElo "2440"]
[BlackElo "2290"]

1.d4 Nf6 2.c4 e6 3.Nf3 d5 4.g3 Be7 5.Bg2 O-O 6.O-O Nbd7 7.Qc2 c6 8.Nbd2 b6
9.e4 dxe4 10.Nxe4 Nxe4 11.Qxe4 Bb7 12.Rd1 Qc8 13.Bf4 Re8 14.Ng5 Nf6 15.Qc2 h6
16.Ne4 c5 17.dxc5 Nxe4 18.Bxe4 Bxc5 19.Be5 Bc6 20.Qe2 Qb7 21.Bxc6 Qxc6 22.Rd2 Be7
23.Rad1 Rad8 24.b3 Rxd2 25.Rxd2 Rd8 26.Rxd8+ Bxd8 27.b4 a6 28.Qd3 Be7 29.a3 f6
30.Bd4 Kf7 31.Be3 b5 32.c5 Qd5 33.Qxd5 exd5 34.Kf1 g5 35.g4 Bd8  1/2-1/2

[Event "Reykjavik op"]
[Site "Reykjavik"]
[Date "1986.??.??"]
[Round "3"]
[White "Olafsson, Helgi"]
[Black "Geller, Efim P"]
[Result "1-0"]
[WhiteElo "2545"]
[BlackElo "2525"]

1.d4 d5 2.c4 e6 3.Nf3 Nf6 4.g3 Be7 5.Bg2 O-O 6.Qc2 c5 7.O-O cxd4 8.Nxd4 Nc6
9.Nxc6 bxc6 10.b3 a5 11.Bb2 Ba6 12.Nd2 Nd7 13.Rac1 Bf6 14.Rfd1 Rc8 15.Nf3 Qe7
16.Bxf6 Nxf6 17.Ne5 Bb7 18.Qd2 Qa3 19.c5 Ba6 20.g4 Rc7 21.g5 Nd7 22.Nxd7 Rxd7
23.e4 d4 24.e5 Bb5 25.Be4 d3 26.h4 a4 27.h5 axb3 28.axb3 Qxb3 29.h6 g6 30.Qf4 f5
31.gxf6 Rd4 32.f3 Bc4 33.Rb1  1-0

[Event "Reykjavik op"]
[Site "Reykjavik"]
[Date "1986.??.??"]
[Round "5"]
[White "Benjamin, Joel"]
[Black "Thorsteins, Karl"]
[Result "1-0"]
[WhiteElo "2555"]
[BlackElo "2445"]

1.d4 d5 2.c4 e6 3.Nf3 Nf6 4.g3 Be7 5.Bg2 O-O 6.O-O dxc4 7.Qa4 a6 8.Qxc4 b5
9.Qc2 Bb7 10.Bd2 Be4 11.Qc1 Bb7 12.Rd1 Qc8 13.Bg5 Nbd7 14.Qf4 c5 15.Nbd2 h6
16.Bxf6 Nxf6 17.Rac1 Nd5 18.Qe5 f5 19.Rxc5 Qd7 20.Nb3 Bd6 21.Rxd5 Bxd5 22.Qe3 f4
23.Qd2 Rac8 24.Nc1 Qc7 25.Nd3 fxg3 26.hxg3 Qa7 27.Qe3 Bxa2 28.Bh3 Rfe8 29.Nfe5 a5
30.Nf4 Qc7 31.Ra1 Bxe5 32.dxe5 Qc4 33.Kh2 a4 34.Rd1 Qc5 35.Rd4 Qc1 36.Qe4 Rc7
37.Qg6 Rce7 38.Nh5 Bb1 39.e4 Kh8 40.Nf6 gxf6 41.exf6 Qxb2 42.fxe7 Qxf2+ 43.Bg2 Qxd4
44.Qxe8+ Kh7 45.Qf7+  1-0